Structural adjustment & agriculture : (Record no. 14562)

000 -LEADER
fixed length control field 00536pam a2200169 a 4500
020 ## - INTERNATIONAL STANDARD BOOK NUMBER
ISBN 0435080342
020 ## - INTERNATIONAL STANDARD BOOK NUMBER
ISBN 0435080350
040 ## - CATALOGING SOURCE
Transcribing agency DLC
082 ## - DEWEY DECIMAL CLASSIFICATION NUMBER
Classification number 338 HEI 1989 A068 Or.
245 00 - TITLE STATEMENT
Title Structural adjustment & agriculture :
Remainder of title theory & practice in Africa & Latin America /
260 ## - PUBLICATION, DISTRIBUTION, ETC. (IMPRINT)
Place of publication London :
Name of publisher Overseas Development Institute ;
Place of publication Portsmouth, N.H. :
Name of publisher Heinemann,
Year of publication 1989
300 ## - PHYSICAL DESCRIPTION
Number of Pages xiv, 250 p., [6] p. of plates :
Other physical details ill. ;
Dimensions 25 cm
650 #0 - SUBJECT ADDED ENTRY--TOPICAL TERM
Topical Term Agriculture
650 #0 - SUBJECT ADDED ENTRY--TOPICAL TERM
Topical Term Agriculture
700 1# - ADDED ENTRY--PERSONAL NAME
Personal name Commander, Simon
942 ## - ADDED ENTRY ELEMENTS (KOHA)
Koha item type សៀវភៅភាសាអង់គ្លេស
952 ## - LOCATION AND ITEM INFORMATION (KOHA)
Withdrawn status [LOCAL, KOHA] 0
Holdings
Permanent Location Date acquired Koha item type Lost status Shelving location Barcode Current Location Full call number
Library Block A2017-10-19សៀវភៅភាសាអង់គ្លេស A068A22064Library Block A338 HEI 1989 A068 Or.
មជ្ឈមណ្ឌលឯការនៃសាកលវិទ្យាល័យភូមិន្ទកសិកម្មចំការដូង

Powered by Koha